| 000 | 00353nam a2200145Ia 4500 | ||
|---|---|---|---|
| 008 | 150201s2010 xx 000 0 und d | ||
| 082 |
_a611 _bH2010C |
||
| 100 | _aCHAURASIA,B.D. | ||
| 245 | _aHUMAN ANATOMY V-1 | ||
| 250 | _a5TH | ||
| 260 |
_bC.B.S PUBLISHERS & DISTRIBUTERS _aDELHI _c2010 |
||
| 300 | _a1-296 | ||
| 650 | _aANATOMY | ||
| 942 |
_2ddc _cBK _03 |
||
| 999 |
_c4568 _d4568 |
||